Advances in synthetic rubbers and elastomers science and technology (Record no. 32040)

MARC details
000 -LEADER
fixed length control field 00377nam a2200133Ia 4500
082 ## - DEWEY DECIMAL CLASSIFICATION NUMBER
Classification number 678.7+678.074
Item number ADV;1
245 #0 - TITLE STATEMENT
Title Advances in synthetic rubbers and elastomers science and technology
260 ## - PUBLICATION, DISTRIBUTION, ETC. (IMPRINT)
Place of publication Westport
Name of publisher Technomic
Year of publication 1976
650 ## - SUBJECT ADDED ENTRY--TOPICAL TERM
Topical Term Hose
650 ## - SUBJECT ADDED ENTRY--TOPICAL TERM
Topical Term Rubber compound
650 ## - SUBJECT ADDED ENTRY--TOPICAL TERM
Topical Term Synthetic rubbers
942 ## - ADDED ENTRY ELEMENTS (KOHA)
Koha item type Books
Holdings
Withdrawn status Lost status Damaged status Not for loan Home library Current library Date acquired Cost, normal purchase price Full call number Accession Number Koha item type
        RRII Library RRII Library 16/12/2021 30.00 678.7+678.074 ADV;1 12566 Books